مكتبة جامعة عجلون الوطنية

فهرس بحث المكتبة

الادارة المالية (منهج تحليلي شامل) / (Record no. 33237)

MARC details
000 -LEADER
fixed length control field 00752nam a22002057a 4500
003 - CONTROL NUMBER IDENTIFIER
control field JO-AjAnu
005 - DATE AND TIME OF LATEST TRANSACTION
control field 20231203094801.0
008 - FIXED-LENGTH DATA ELEMENTS--GENERAL INFORMATION
fixed length control field 231203b jo ||||| |||| 00| 0 ara d
040 ## - CATALOGING SOURCE
Original cataloging agency JO-AjAnu
Language of cataloging ARA
Transcribing agency JO-AjAnu
Modifying agency JO-AjAnu
Description conventions RDA
041 #0 - LANGUAGE CODE
Language code of text/sound track or separate title ARA
Language code of original ARA
050 ## - LIBRARY OF CONGRESS CALL NUMBER
Classification number HG4026
Item number 1993
100 #1 - MAIN ENTRY--PERSONAL NAME
Personal name السامرائي، عدنان هاشم رحيم
9 (RLIN) 64605
Relator term مؤلف
245 #0 - TITLE STATEMENT
Title الادارة المالية (منهج تحليلي شامل) /
Statement of responsibility, etc. عدنان هاشم رحيم السامرائي
250 ## - EDITION STATEMENT
Edition statement الطبعة الاولى
260 ## - PUBLICATION, DISTRIBUTION, ETC.
Place of publication, distribution, etc. طرابلس :
Name of publisher, distributor, etc. الجامعة المفتوحة،
Date of publication, distribution, etc. 1993
300 ## - PHYSICAL DESCRIPTION
Extent 357 صفحة
500 ## - GENERAL NOTE
General note يحتوي على جداول
650 40 - SUBJECT ADDED ENTRY--TOPICAL TERM
Topical term or geographic name entry element الادارة المالية
9 (RLIN) 28268
942 ## - ADDED ENTRY ELEMENTS (KOHA)
Source of classification or shelving scheme Library of Congress Classification
Koha item type Books
Suppress in OPAC No

No items available.